=LDR 00000nam 2200000 4500 =001 INLIS000000000004244 =005 20220214094537 =035 ##$$a 0010-0222000855 =245 1#$$a Analisa Alat Transport Belt Conveyor : $b Kuliah Kerja Praktek /$c Yen Drian Syah =100 1#$$a SYAH, Yen Drian =250 ##$$a 2019 =300 ##$$a vi, 46 halaman : $b Tabel, Gambar ; $c 21,5x32 cm =856 ##$$a OPAC (Rak KKP D1 TKI 2019) =260 ##$$a Makassar :$b Politeknik ATI Makassar - PT. Semen Baturaja (Persero) Tbk - D1 TKI,$c 2019 =082 ##$$a (R)2019 LKKP-D1 TKI 818 =084 ##$$a (R)2019 LKKP-D1 TKI 818 SYA a =650 #4$$a Laporan Praktek D1 TKI 2019 =500 ##$$a Laporan Praktek D1 TKI 2019 =990 ##$$a 35/LKKP TKI SB 2019